Spactacular Houses (Record no. 14390)

MARC details
000 -LEADER
fixed length control field 00346nam a2200145Ia 4500
008 - FIXED-LENGTH DATA ELEMENTS--GENERAL INFORMATION
fixed length control field 230312s9999||||xx |||||||||||||| ||und||
020 ## - INTERNATIONAL STANDARD BOOK NUMBER
International Standard Book Number 978-8499368115
082 ## - DEWEY DECIMAL CLASSIFICATION NUMBER
Classification number 728.37
Item number CUB-S
100 ## - MAIN ENTRY--PERSONAL NAME
Personal name Cubero;Yolanda
245 #0 - TITLE STATEMENT
Title Spactacular Houses
260 ## - PUBLICATION, DISTRIBUTION, ETC.
Name of publisher, distributor, etc. FKG
Place of publication, distribution, etc. spain
Date of publication, distribution, etc. 2011
300 ## - PHYSICAL DESCRIPTION
Extent 599
650 ## - SUBJECT ADDED ENTRY--TOPICAL TERM
Topical term or geographic name entry element Architecture
Form subdivision Building
942 ## - ADDED ENTRY ELEMENTS (KOHA)
Koha item type BOOK
Holdings
Withdrawn status Lost status Source of classification or shelving scheme Damaged status Not for loan Home library Current library Date acquired Total Checkouts Full call number Barcode Date last seen Price effective from Koha item type
    Dewey Decimal Classification     Superior Information Resource Center (SIRC) Superior University- Main Campus Superior Information Resource Center (SIRC) Superior University- Main Campus 03/13/2023   728.37 CUB-S 14525 03/13/2023 03/13/2023 BOOK

Powered by Koha